| 000 | 01955cam a22004814i 4500 | ||
|---|---|---|---|
| 003 | PE-LiUPU | ||
| 005 | 20250731173427.0 | ||
| 008 | 150706s2001 ag r 000 0 spa d | ||
| 020 | _a9879038517 | ||
| 035 | _a(Sirsi) i9789879038512 | ||
| 040 |
_aPE-LiUPU _bspa _cPE-LiUPU _erda |
||
| 049 | _aPRUA | ||
| 082 | 0 | 4 |
_a287.0924 _bM58 _221 |
| 100 | 1 |
_aMiller, Basil, _eautor. |
|
| 245 | 1 | 0 |
_aJuan Wesley : _bel pequeño hombre que incendió ciudades con grandes avivamientos / _cBasil Miller. |
| 264 | 1 |
_aBuenos Aires : _bPeniel, _c2001. |
|
| 300 |
_a150 páginas ; _c18 centímetros |
||
| 336 |
_atext _2rdacontent |
||
| 337 |
_aunmediated _2rdamedia |
||
| 338 |
_avolume _2rdacarrier |
||
| 500 | _aPublicado originalmente con el título: John Wesley by Zondervan Publishing. | ||
| 505 | 0 | _aEl muchacho en la rectoría -- El dómine de Oxford -- El club santo -- Dios y Juan en Georgia -- Un extraño calor en el corazón -- El mundo, su parroquia -- El maestro constructor -- Hacia un gran futuro -- Coronado con la victoria -- Por el camino de la gloria -- Escalando los peldaños áureos. | |
| 526 | _aSEG42 | ||
| 526 | _aSEG41 | ||
| 526 | _aSEG40 | ||
| 526 | _aSEG39 | ||
| 526 | _aP94 | ||
| 526 | _aP87 | ||
| 526 | _aP86 | ||
| 526 | _aP85 | ||
| 526 | _aP77 | ||
| 526 | _aP76 | ||
| 526 | _aP35 | ||
| 541 | _g001-0000614; | ||
| 600 | 1 |
_aWesley, Juan. _d1703-1791 |
|
| 610 | 2 | _aIglesia de Inglaterra. | |
| 910 |
_agl _cjck _d2012119 |
||
| 942 |
_2ddc _cBOOK |
||
| 949 |
_a287.0924 M58 _wDEWEY _c1 _i65789 _lCCODEBUL1 _mBUL _p19.00 _r0 _sY _tBOOK _u2015-7-6 _xTEOLOGIA _PP35 _o.STAFF. Colección Teología |
||
| 994 |
_aC0 _bPEPRU |
||
| 596 | _a1 | ||
| 999 |
_a287.0924 M58 _wDEWEY _c54198 _i65789 _d54198 _e2018-11-26 _f2021-11-11 _g5 _lCCODEBUL1 _mBUL _n2 _p19.00 _q2 _r0 _sY _tBOOK _u2015-7-6 _xTEOLOGIA _PP35 _0COMPRA _o.STAFF. Colección Teología |
||
| 980 |
_81 _gALBERTO SANCHEZ Responsable de Automatización |
||